छिन्नमस्ता (Record no. 11157)
[ view plain ]
| 000 -LEADER | |
|---|---|
| fixed length control field | 005980000a22001810004500 |
| 003 - CONTROL NUMBER IDENTIFIER | |
| control field | MACL |
| 005 - DATE AND TIME OF LATEST TRANSACTION | |
| control field | 20160527113710.0 |
| 008 - FIXED-LENGTH DATA ELEMENTS--GENERAL INFORMATION | |
| fixed length control field | 160527b xxu||||| |||| 00| 0 eng d |
| 040 ## - CATALOGING SOURCE | |
| Original cataloging agency | MACL |
| Transcribing agency | MACL |
| 041 ## - LANGUAGE CODE | |
| Language code of text/sound track or separate title | Hindi |
| 082 ## - DEWEY DECIMAL CLASSIFICATION NUMBER | |
| Classification number | 891.433 GOS |
| 100 ## - MAIN ENTRY--PERSONAL NAME | |
| Personal name | गोस्वामी, इन्दिरा |
| 9 (RLIN) | 57164 |
| 245 ## - TITLE STATEMENT | |
| Title | छिन्नमस्ता |
| Statement of responsibility, etc. | इन्दिरा गोस्वामी |
| 260 ## - PUBLICATION, DISTRIBUTION, ETC. (IMPRINT) | |
| Name of publisher, distributor, etc. | भारतीय ज्ञानपीठ |
| Date of publication, distribution, etc. | 2007 |
| Place of publication, distribution, etc. | नई दिल्ली |
| 350 ## - PRICE (NR) (BK AM CF MU VM SE) [OBSOLETE] | |
| Price | 150 |
| 650 ## - SUBJECT ADDED ENTRY--TOPICAL TERM | |
| Topical term or geographic name as entry element | Novel |
| 9 (RLIN) | 60003 |
| 942 ## - ADDED ENTRY ELEMENTS (KOHA) | |
| Koha item type | Hindi Books |
| Call number prefix | 891.433/GOS/N |
| Source of classification or shelving scheme | |
| Withdrawn status | Lost status | Source of classification or shelving scheme | Damaged status | Not for loan | Home library | Current library | Date acquired | Cost, normal purchase price | Total Checkouts | Total Renewals | Full call number | Barcode | Date last seen | Date last checked out | Uniform Resource Identifier | Price effective from | Koha item type |
|---|---|---|---|---|---|---|---|---|---|---|---|---|---|---|---|---|---|
| MACL | MACL | 27/05/2016 | 150.00 | 2 | 1 | 891.433/GOS | CRH020208 | 19/04/2017 | 09/03/2017 | 11041 | 15/04/2015 | Books | |||||
| MACL | MACL | 27/05/2016 | 150.00 | 5 | 891.433/GOS | DPI002093 | 24/02/2026 | 07/02/2026 | 11041 | 15/04/2015 | Books |









